| 000 | 00368nam a2200133Ia 4500 | ||
|---|---|---|---|
| 008 | 150202s9999 xx 000 0 und d | ||
| 020 | _a373059442 | ||
| 050 |
_aFIC _bFIC |
||
| 100 | _aMcAllister, Anne. | ||
| 245 |
_aCowboy's don't quit / _cAnne McAllister. |
||
| 260 |
_aNew York : _bSilhouette Books, _c1995. |
||
| 300 |
_a187 pages : _c18 cm. |
||
| 650 | _aFiction. | ||
| 999 |
_c282206 _d282206 |
||